| 000 | 01468naa a2200349 i 4500 | ||
|---|---|---|---|
| 003 | EG-GICUC | ||
| 005 | 20260121101428.0 | ||
| 008 | 251203s1916 us ||||fr|||| ||| | lat d | ||
| 040 |
_aEG-GiCUC _beng _cEG-GiCUC _dEG-GiCUC _erda |
||
| 082 | 0 | 4 |
_221 _a341.762 _bRA . J |
| 092 | 0 | 4 | _221 |
| 099 | _aLaw1 11 341.762 RA . J 1916 | ||
| 100 | 1 |
_aRachel, Samuel, _d1628-1691, _eAuthor. |
|
| 245 | 1 | 3 |
_aDe jure naturae et gentium dissertationes. _nVolume One, _pA Reproduction of the Edition of 1676 / _cby Samuel Rachel ; edited by Ludwig von Bar. |
| 246 | 1 | _aDissertation on the law of nature and of nations. | |
| 264 | 1 |
_aWashington : _bThe Carnegie Institution of Washington, _c1916. |
|
| 300 |
_a16a , 334 pages : _bPhotograh ; _c24 cm. |
||
| 336 |
_2rda content _atext |
||
| 337 |
_2rda media _aComputer |
||
| 338 |
_2rda carrier _aOnline Resource |
||
| 490 | 0 | _aThe classics of international law. | |
| 500 | _atext in Latin | ||
| 504 | _aBibliographic references | ||
| 505 | _aVol. I. A Reproduction of the Edition of 1676, with Introduction by Ludwig von Bar, and List of Errata. Vol. II. A Translation of the Text, by John Pawley Bate, with Index of Authors Cited. | ||
| 546 | _aText in English | ||
| 650 | 1 | 4 |
_xPublic international law _aLaw of Nature _2qrmak |
| 651 | 1 | _2qrmak | |
| 700 | 1 |
_aBar, Ludwig von _eeditor. _d1836-1913, |
|
| 856 | 4 | 0 | _uhttps://fll.law.cu.edu.eg/fulltext/bks/B11-05268.pdf |
| 905 |
_a75 _eHassnaa |
||
| 942 |
_2ddc _n0 _cBK _e21 |
||
| 999 |
_c48253 _d48253 |
||